| Tag |
First Indicator |
Second Indicator |
Subfields |
| LEADER |
00000cam a2200000 a 4500 |
| 001 |
in00002781854 |
| 006 |
m d |
| 007 |
cr cn||||||||| |
| 008 |
120706s2012 ohub ob 001 0 eng d |
| 005 |
20250816203847.5 |
| 010 |
|
|
|z 2012027267
|
| 020 |
|
|
|z 9780821419977 (hc alk. paper)
|
| 020 |
|
|
|z 9780821444108 (e-book)
|
| 035 |
|
|
|a (CaPaEBR)ebr10588000
|
| 035 |
|
|
|a (OCoLC)811405293
|
| 040 |
|
|
|a CaPaEBR
|c CaPaEBR
|d UtOrBLW
|
| 043 |
|
|
|a n-usa--
|
| 050 |
1 |
4 |
|a GE235.A13
|b B37 2012eb
|
| 082 |
0 |
4 |
|a 622/.334
|2 23
|
| 100 |
1 |
|
|a Barry, Joyce M.
|
| 245 |
1 |
0 |
|a Standing our ground :
|b women, environmental justice, and the fight to end mountaintop removal /
|c Joyce M. Barry.
|
| 264 |
|
1 |
|a Athens, Ohio :
|b Ohio University Press,
|c 2012.
|
| 300 |
|
|
|a 1 online resource (xii, 190 pages) :
|b map.
|
| 336 |
|
|
|a text
|b txt
|2 rdacontent
|
| 337 |
|
|
|a computer
|b c
|2 rdamedia
|
| 338 |
|
|
|a online resource
|b cr
|2 rdacarrier
|
| 490 |
1 |
|
|a Ohio University Press series in race, ethnicity, and gender in Appalachia
|
| 504 |
|
|
|a Includes bibliographical references and index.
|
| 505 |
0 |
|
|a Living in a sacrifice zone: gender, the political economy of coal, and anti/mountaintop removal activism -- Gender and anti/mountaintop removal activism: expanding the environmental justice framework -- Remembering the past, working for the future: West Virginia women fight for sustainable communities and environmental heritage -- Saving the endangered hillbilly: Appalachian stereotypes and cultural identity in the anti/mountaintop removal movement -- Situating the particular and the universal: gender, environmental justice, and mountaintop removal in a global context.
|
| 500 |
|
|
|a Electronic resource.
|
| 650 |
|
0 |
|a Environmental justice
|z Appalachian Region.
|
| 650 |
|
0 |
|a Women
|x Political activity
|z Appalachian Region.
|
| 650 |
|
0 |
|a Mountaintop removal mining
|x Social aspects
|z Appalachian Region.
|
| 650 |
|
0 |
|a Landscape protection
|z Appalachian Region
|x Citizen participation.
|
| 650 |
|
0 |
|a Coal mines and mining
|x Environmental aspects
|z Appalachian Region.
|
| 650 |
|
0 |
|a Community activists
|z Appalachian Region.
|
| 655 |
|
7 |
|a Electronic books.
|2 local
|
| 710 |
2 |
|
|a ebrary, Inc.
|
| 830 |
|
0 |
|a Ohio University Press series in race, ethnicity, and gender in Appalachia.
|
| 856 |
4 |
0 |
|u https://ebookcentral.proquest.com/lib/tamucs/detail.action?docID=1743637
|y Connect to the full text of this electronic book
|t 0
|
| 980 |
|
|
|a 121106
|b 34.95
|c USD
|e 52.43
|f YBP_EBR0000046136
|g 1
|
| 999 |
f |
f |
|s 02c18713-363a-37bd-abfa-2483d5b60959
|i ac06826a-54a8-3670-8bc1-6c0fccca6e06
|t 0
|
| 999 |
|
|
|a MARS
|
| 952 |
f |
f |
|a Texas A&M University
|b College Station
|c Electronic Resources
|d Available Online
|t 0
|e GE235.A13 B37 2012eb
|h Library of Congress classification
|
| 998 |
f |
f |
|a GE235.A13 B37 2012eb
|t 0
|l Available Online
|